000
00312cam a22001217a 4500
008
180718b1990 xxu||||| |||| 00| 0 eng d
082
_a
N4x54 Sh23s
100
_a
Shah, Giriraj
245
_a
State policing in India
_c
by Giriraj Shah
260
_a
Delhi
_b
Cosmo
_c
1990
300
_a
275p.
650
_a
Police - India
999
_c
354107
_d
354107